| 000 | 00638nam a2200217 a 4500 | ||
|---|---|---|---|
| 005 | 20210219153211.0 | ||
| 008 | 991125n 000 0 u | ||
| 035 | _aUPN01000083881 | ||
| 100 | _aWilson, Steven R. | ||
| 222 | _aCOMMUNICATION MONOGRAPHS | ||
| 245 | _aIs it always a matter of perspective? construct differentiation and variability in attributions about compliance gaining | ||
| 300 | _a350-367 | ||
| 362 | _a59, No. 4, 1992 | ||
| 505 | _aMayo 1993 | ||
| 653 | 0 | _aCOMUNICACION | |
| 653 | 0 | _aMODELOS CAUSALES | |
| 700 | _aCruz, Michael G. | ||
| 700 | _aKang, Kil Ho | ||
| 904 |
_aAC _b021692 |
||
| 905 | _aArticulo | ||
| 999 |
_c70904 _d70904 |
||